000 00850nam a2200181Ia 4500
008 151202s9999||||xx |||||||||||||| ||und||
082 _bPNVM-42113
100 _aगुजर ना.रा.
245 _aग्रामविकास महर्षी अण्णासाहेब स्मृतिग्रंथ.
260 _bसाने गुरुजी ग्रामविकास प्रतिान कल्याण.
260 _c1997
300 _a200
600 _aगुजर ना.रा.
630 _aग्रामविकास महर्षी अण्णासाहेब स्मृतिग्रंथ.
700 _aगुजर ना.रा.
730 _aग्रामविकास महर्षी अण्णासाहेब स्मृतिग्रंथ.
942 _cBOOK
999 _c1308065
_d1308062